Language Quiz

Random Language or Country Quiz

Populous Country Languages Quiz Stats

 Plays Quiz Updated Aug 29, 2014

Support Sporcle.
Go Orange.
Score 0/20 Timer 05:00
0 Plays Today
% Correct
English
98.2%
Mandarin Chinese
95.3%
Portuguese
90.9%
Russian
89.5%
Spanish
89.4%
Japanese
87.4%
German
84.8%
Hindi
83.9%
Turkish
77.6%
Arabic
76.1%
% Correct
Vietnamese
70.7%
Javanese
63.8%
Thai
61%
Persian
59%
French
51.7%
Bengali
49.7%
Tagalog
41.5%
Hausa
24.2%
Punjabi
22.7%
Amharic
19.9%

You're not logged in!

Compare scores with friends on all Sporcle quizzes.
OR
Log In

From the Vault

Hey, Those Characters Are Real People!

by Hejman

But were the real people characters?
Remove Ads.
Support Sporcle.
Get the best of Sporcle when you Go Orange. This ad-free experience offers more features, more stats, and more fun while also helping to support Sporcle. Thank you for becoming a member.

Show Comments

Extras

Top Quizzes Today


Score Distribution

Your Account Isn't Verified!

In order to create a playlist on Sporcle, you need to verify the email address you used during registration. Go to your Sporcle Settings to finish the process.

Report this User

Report this user for behavior that violates our Community Guidelines.

Details: